Destacamento Rojo de mujeres / (Registro nro. 3705)

Detalles MARC
000 -LEADER
fixed length control field 00846nam a2200241Ia 4500
003 - CONTROL NUMBER IDENTIFIER
control field OSt
005 - DATE AND TIME OF LATEST TRANSACTION
control field 20250801115407.0
008 - FIXED-LENGTH DATA ELEMENTS--GENERAL INFORMATION
fixed length control field 191128s9999 xx 000 0 und d
040 ## - CATALOGING SOURCE
Original cataloging agency CO-JMCR
Transcribing agency CO-JMCR
041 ## - LANGUAGE CODE
Language code of text/sound track or separate title spa
082 ## - DEWEY DECIMAL CLASSIFICATION NUMBER
Classification number A-C
Item number SINd
100 ## - MAIN ENTRY--PERSONAL NAME
Personal name Sin, Liang, autor
9 (RLIN) 4928
245 #0 - TITLE STATEMENT
Title Destacamento Rojo de mujeres /
245 #0 - TITLE STATEMENT
Statement of responsibility, etc. Liang Sin
260 ## - PUBLICATION, DISTRIBUTION, ETC.
Place of publication, distribution, etc. Pekin
260 ## - PUBLICATION, DISTRIBUTION, ETC.
Name of publisher, distributor, etc. Ediciones en lenguas extranjeras
260 ## - PUBLICATION, DISTRIBUTION, ETC.
Date of publication, distribution, etc. 1966
300 ## - PHYSICAL DESCRIPTION
Extent 136 Páginas
300 ## - PHYSICAL DESCRIPTION
Other physical details Ilustraciones en blanco y negro
300 ## - PHYSICAL DESCRIPTION
Dimensions 13 cm. x 18 cm.
520 ## - SUMMARY, ETC.
Summary, etc. El presente cuento relata cómo la esclava Chiung-jua escapó, llena de odio sangriento, de la mansión del despótico terrateniente Nan Pa-tien y como, bajo la ayuda de jung Chang-ching, uncuadro del ejército rojo, ingresó al movimiento revolucionario.
942 ## - ADDED ENTRY ELEMENTS (KOHA)
Source of classification or shelving scheme Dewey Decimal Classification
Koha item type Books
Existencias
Withdrawn status Lost status Source of classification or shelving scheme Damaged status Not for loan Collection code Home library Current library Date acquired Source of acquisition Cost, normal purchase price Total Checkouts Full call number Barcode Date last seen Date last checked out Copy number Koha item type
    Dewey Decimal Classification     Fiction Biblioteca Pública José María del Castillo y Rada Biblioteca Pública José María del Castillo y Rada 11/28/2019 Donación 0.00 1 A-C SINd 201807693 07/24/2023 07/24/2023 Ej.1 Books